| 000 | 00631nam a22002057a 4500 | ||
|---|---|---|---|
| 999 |
_c16622 _d16622 |
||
| 003 | AR-CdUCM | ||
| 008 | 190504b ||||| |||| 00| 0 spa d | ||
| 040 |
_aMUNICIPALIDAD PROVINCIAL DEL CUSCO _cBIBLIOTECA MUNICIPAL DEL CUSCO |
||
| 082 |
_a301.04 / _bM22 / 1942 |
||
| 100 |
_aMannheim, Karl _96561 |
||
| 245 | _aLibertad y planificación social / | ||
| 260 |
_aMexico : _bFondo de cultura economica, _c1942. |
||
| 300 |
_a450 paginas ; _c23 cm. |
||
| 500 | _aHIstoria y literatura | ||
| 650 |
_aHistoria _9136 |
||
| 650 |
_aLiteratura _983 |
||
| 700 |
_aLanda, Ruben _96486 |
||
| 942 |
_2ddc _cLIBROS |
||
| 945 |
_apjha _d2019-05-04 |
||